000 00200 a2200097 4500
001 6847
100 _aMurphy, M E
245 _aManagerial Accounting
260 _a
_bNostrand
_c
090 _c5660
_d5660
942 _aNUST-CAE
_cM
_c32112
999 _c241920
_d241920